Miasta w Kujawsko-Pomorskim - Statystyki

Ogólne statystyki
  • Ten quiz został rozwiązany 48 razy
    14 od ostatniego zresetowania
  • Średni wynik to 27 z 56
Statystyki odpowiedzi
Miasto % Poprawnych
Bydgoszcz
100%
Inowrocław
100%
Toruń
100%
Włocławek
100%
Grudziądz
92%
Golub-Dobrzyń
77%
Lipno
77%
Nakło nad Notecią
77%
Radziejów
77%
Sępólno Krajeńskie
77%
Tuchola
77%
Aleksandrów Kujawski
69%
Brodnica
69%
Ciechocinek
69%
Mogilno
69%
Rypin
69%
Świecie
69%
Żnin
69%
Koronowo
62%
Chełmno
54%
Chełmża
54%
Janikowo
54%
Kruszwica
54%
Gniewkowo
46%
Kamień Krajeński
46%
Kowal
46%
Solec Kujawski
46%
Wąbrzeźno
46%
Barcin
38%
Brześć Kujawski
38%
Dobrzyń nad Wisłą
38%
Kikół
38%
Nowe
38%
Piotrków Kujawski
38%
Strzelno
38%
Gąsawa
31%
Izbica Kujawska
31%
Jabłonowo Pomorskie
31%
Kowalewo Pomorskie
31%
Lubień Kujawski
31%
Mrocza
31%
Pakość
31%
Radzyń Chełmiński
31%
Szubin
31%
Janowiec Wielkopolski
23%
Łabiszyn
23%
Łasin
23%
Pruszcz
23%
Skępe
23%
Bobrowniki
15%
Chodecz
15%
Kcynia
15%
Lubraniec
15%
Nieszawa
15%
Więcbork
15%
Górzno
8%
Nie znaleziono quizów pasujących do podanych kryteriów
Rozkład punktacji
Procent ludzi z każdym wynikiem
Percentyl według liczby udzielonych odpowiedzi
Twoja historia wyników
Nie rozwiązałeś tego quizu od ostatniego zresetowania